Live and let live (Record no. 350764)
[ view plain ]
| 000 -LEADER | |
|---|---|
| fixed length control field | 01127cam a2200337 a 4500 |
| 001 - CONTROL NUMBER | |
| control field | 138120 |
| 003 - CONTROL NUMBER IDENTIFIER | |
| control field | OSt |
| 005 - DATE AND TIME OF LATEST TRANSACTION | |
| control field | 20180116183025.0 |
| 008 - FIXED-LENGTH DATA ELEMENTS--GENERAL INFORMATION | |
| fixed length control field | 980319s1996 pk a 000 0 eng |
| 010 ## - LIBRARY OF CONGRESS CONTROL NUMBER | |
| LC control number | 97930315 |
| 025 ## - OVERSEAS ACQUISITION NUMBER | |
| Overseas acquisition number | P-E-97930315; 08 |
| 040 ## - CATALOGING SOURCE | |
| Original cataloging agency | DLC |
| Transcribing agency | DLC |
| Modifying agency | DLC |
| 041 1# - LANGUAGE CODE | |
| Language code of text/sound track or separate title | eng |
| Language code of original | urd |
| 042 ## - AUTHENTICATION CODE | |
| Authentication code | lcode |
| 043 ## - GEOGRAPHIC AREA CODE | |
| Geographic area code | a-pk--- |
| 050 00 - LIBRARY OF CONGRESS CALL NUMBER | |
| Classification number | DS389 |
| Item number | .P38 1996 |
| 082 00 - DEWEY DECIMAL CLASSIFICATION NUMBER | |
| Classification number | 821.914080355 PER 1996 |
| Edition number | 21 |
| 100 1# - MAIN ENTRY--PERSONAL NAME | |
| Personal name | Parvez, Nasrīn. |
| 240 10 - UNIFORM TITLE | |
| Uniform title | Jīyo aur jīne do. |
| Language of a work | English |
| 245 10 - TITLE STATEMENT | |
| Title | Live and let live |
| Statement of responsibility, etc. | by Nasreen Pervez. |
| 260 ## - PUBLICATION, DISTRIBUTION, ETC. | |
| Place of publication, distribution, etc. | [S.l. : |
| Name of publisher, distributor, etc. | s. n, |
| Date of publication, distribution, etc. | 1996] |
| Place of manufacture | (Lahore : |
| Manufacturer | al-Abbas Printers). |
| 300 ## - PHYSICAL DESCRIPTION | |
| Extent | 18 p. : |
| Other physical details | ill. ; |
| Dimensions | 22 cm. |
| 440 ## - SERIES STATEMENT/ADDED ENTRY--TITLE | |
| Title | Live and let live |
| 500 ## - GENERAL NOTE | |
| General note | "14th August 1996"--T.p. |
| 500 ## - GENERAL NOTE | |
| General note | "This chapter "Live and let live" which has been taken from my book 'Salma ka muqadma' is dedicated to the Muslim world." |
| 600 ## - SUBJECT ADDED ENTRY--PERSONAL NAME | |
| Personal name | Parvez, Nasreen |
| 651 #0 - SUBJECT ADDED ENTRY--GEOGRAPHIC NAME | |
| Geographic name | Pakistan |
| General subdivision | Politics and government |
| Chronological subdivision | 1988- |
| 906 ## - LOCAL DATA ELEMENT F, LDF (RLIN) | |
| a | 7 |
| b | cbc |
| c | origode |
| d | 3 |
| e | ncip |
| f | 19 |
| g | y-gencatlg |
| 942 ## - ADDED ENTRY ELEMENTS (KOHA) | |
| Source of classification or shelving scheme | |
| Koha item type | Book |
| Withdrawn status | Lost status | Source of classification or shelving scheme | Damaged status | Not for loan | Collection code | Permanent Location | Current Location | Shelving location | Date acquired | Total Checkouts | Full call number | Barcode | Date last seen | Price effective from | Koha item type |
|---|---|---|---|---|---|---|---|---|---|---|---|---|---|---|---|
| Central Library (CL) | Central Library (CL) | Fiction | 12/03/2015 | 821.914080355 PER 1996 | NBSD-2191 | 12/03/2015 | 12/03/2015 | Book |
